European Continental Competitions Final 4s: 1993-2009 - Statistics

General Stats
  • This quiz has been taken 2 times
  • The average score is 117 of 132
Answer Stats
Season Competition Nation Club % Correct
1993/94 Champions League Italy AC Milan
100%
1994/95 Champions League Italy AC Milan
100%
2001/02 UEFA Cup Italy AC Milan
100%
2002/03 Champions League Italy AC Milan
100%
2004/05 Champions League Italy AC Milan
100%
2005/06 Champions League Italy AC Milan
100%
2006/07 Champions League Italy AC Milan
100%
1994/95 Champions League Netherlands Ajax
100%
1995/96 Champions League Netherlands Ajax
100%
1996/97 Champions League Netherlands Ajax
100%
1999/00 UEFA Cup England Arsenal
100%
2005/06 Champions League England Arsenal
100%
2008/09 Champions League England Arsenal
100%
1997/98 UEFA Cup Spain Atletico Madrid
100%
1998/99 UEFA Cup Spain Atletico Madrid
100%
1993/94 Champions League Spain Barcelona
100%
1995/96 UEFA Cup Spain Barcelona
100%
1999/00 Champions League Spain Barcelona
100%
2000/01 UEFA Cup Spain Barcelona
100%
2001/02 Champions League Spain Barcelona
100%
2005/06 Champions League Spain Barcelona
100%
2007/08 Champions League Spain Barcelona
100%
2008/09 Champions League Spain Barcelona
100%
1994/95 Champions League Germany Bayern Munich
100%
1995/96 UEFA Cup Germany Bayern Munich
100%
1998/99 Champions League Germany Bayern Munich
100%
1999/00 Champions League Germany Bayern Munich
100%
2000/01 Champions League Germany Bayern Munich
100%
2007/08 UEFA Cup Germany Bayern Munich
100%
1995/96 UEFA Cup France Bordeaux
100%
1992/93 UEFA Cup Germany Borussia Dortmund
100%
1994/95 UEFA Cup Germany Borussia Dortmund
100%
1996/97 Champions League Germany Borussia Dortmund
100%
1997/98 Champions League Germany Borussia Dortmund
100%
2001/02 UEFA Cup Germany Borussia Dortmund
100%
2002/03 UEFA Cup Scotland Celtic
100%
2003/04 Champions League England Chelsea
100%
2004/05 Champions League England Chelsea
100%
2006/07 Champions League England Chelsea
100%
2007/08 Champions League England Chelsea
100%
2008/09 Champions League England Chelsea
100%
2004/05 UEFA Cup Russia CSKA Moscow
100%
1998/99 Champions League Ukraine Dynamo Kyiv
100%
2008/09 UEFA Cup Ukraine Dynamo Kyiv
100%
2006/07 UEFA Cup Spain Espanyol
100%
2005/06 UEFA Cup Romania FCSB
100%
2001/02 UEFA Cup Netherlands Feyenoord
100%
2007/08 UEFA Cup Italy Fiorentina
100%
1999/00 UEFA Cup Turkey Galatasaray
100%
1993/94 UEFA Cup Italy Inter Milan
100%
1996/97 UEFA Cup Italy Inter Milan
100%
1997/98 UEFA Cup Italy Inter Milan
100%
2001/02 UEFA Cup Italy Inter Milan
100%
2002/03 Champions League Italy Inter Milan
100%
1992/93 UEFA Cup Italy Juventus
100%
1994/95 UEFA Cup Italy Juventus
100%
1995/96 Champions League Italy Juventus
100%
1996/97 Champions League Italy Juventus
100%
1997/98 Champions League Italy Juventus
100%
1998/99 Champions League Italy Juventus
100%
2002/03 Champions League Italy Juventus
100%
1997/98 UEFA Cup Italy Lazio
100%
2002/03 UEFA Cup Italy Lazio
100%
1999/00 UEFA Cup France Lens
100%
2000/01 UEFA Cup England Liverpool
100%
2004/05 Champions League England Liverpool
100%
2006/07 Champions League England Liverpool
100%
2007/08 Champions League England Liverpool
100%
1996/97 Champions League England Manchester United
100%
1998/99 Champions League England Manchester United
100%
2001/02 Champions League England Manchester United
100%
2006/07 Champions League England Manchester United
100%
2007/08 Champions League England Manchester United
100%
2008/09 Champions League England Manchester United
100%
1998/99 UEFA Cup France Marseille
100%
2003/04 UEFA Cup France Marseille
100%
2005/06 UEFA Cup England Middlesbrough
100%
1993/94 Champions League France Monaco
100%
1996/97 UEFA Cup France Monaco
100%
1997/98 Champions League France Monaco
100%
2003/04 Champions League France Monaco
100%
1995/96 Champions League Greece Panathinaikos
100%
1993/94 Champions League Portugal Porto
100%
2002/03 UEFA Cup Portugal Porto
100%
2003/04 Champions League Portugal Porto
100%
1992/93 UEFA Cup France PSG
100%
1994/95 Champions League France PSG
100%
2004/05 Champions League Netherlands PSV
100%
2007/08 UEFA Cup Scotland Rangers
100%
1997/98 Champions League Spain Real Madrid
100%
1999/00 Champions League Spain Real Madrid
100%
2000/01 Champions League Spain Real Madrid
100%
2001/02 Champions League Spain Real Madrid
100%
2002/03 Champions League Spain Real Madrid
100%
1996/97 UEFA Cup Germany Schalke
100%
2005/06 UEFA Cup Germany Schalke
100%
2005/06 UEFA Cup Spain Sevilla
100%
2006/07 UEFA Cup Spain Sevilla
100%
1995/96 UEFA Cup Czech Republic Slavia Prague
100%
1997/98 UEFA Cup Russia Spartak Moscow
100%
2004/05 UEFA Cup Portugal Sporting
100%
1999/00 Champions League Spain Valencia
100%
2000/01 Champions League Spain Valencia
100%
2003/04 UEFA Cup Spain Valencia
100%
2003/04 UEFA Cup Spain Villarreal
100%
2005/06 Champions League Spain Villarreal
100%
2006/07 UEFA Cup Germany Werder Bremen
100%
2008/09 UEFA Cup Germany Werder Bremen
100%
2000/01 UEFA Cup Spain Alaves
50%
1993/94 UEFA Cup Austria Austria Salzburg
50%
1992/93 UEFA Cup France Auxerre
50%
1994/95 UEFA Cup Germany Bayer Leverkusen
50%
2001/02 Champions League Germany Bayer Leverkusen
50%
2002/03 UEFA Cup Portugal Boavista
50%
1998/99 UEFA Cup Italy Bologna
50%
1993/94 UEFA Cup Italy Cagliari
50%
2003/04 Champions League Spain Coruna
50%
2008/09 UEFA Cup Germany Hamburg
50%
2000/01 UEFA Cup Germany Kaiserslautern
50%
1993/94 UEFA Cup Germany Karlsruher
50%
1995/96 Champions League France Nantes
50%
2003/04 UEFA Cup England Newcastle
50%
1994/95 UEFA Cup Italy Parma
50%
1998/99 UEFA Cup Italy Parma
50%
2004/05 UEFA Cup Italy Parma
50%
2007/08 UEFA Cup Russia Zenit Saint Petersburg
50%
2004/05 UEFA Cup Netherlands AZ Alkmaar
0%
1999/00 UEFA Cup England Leeds
0%
2000/01 Champions League England Leeds
0%
2006/07 UEFA Cup Spain Osasuna
0%
2008/09 UEFA Cup Ukraine Shakhtar Donestsk
0%
1996/97 UEFA Cup Spain Tenerife
0%
No matching quizzes found
Score Distribution
Percent of People with Each Score
Percentile by Number Answered
Your Score History
You have not taken this quiz